| 000 | 00445nam a22001697a 4500 | ||
|---|---|---|---|
| 999 |
_c526605 _d526605 |
||
| 003 | NUST | ||
| 020 | _q(Hbk) | ||
| 038 | _aM. Shaban | ||
| 082 |
_a891.4911 _bTAL |
||
| 100 |
_aTalib Jatoi _917608 |
||
| 245 |
_aJagratai da thal / _cTalib Jatoi |
||
| 260 |
_aMultan : _bSangh : Albarkat publishers, _c2000. |
||
| 300 | _a184 p. ; | ||
| 880 |
_6100-01\r _aطالب جتوئی |
||
| 880 |
_6245-02\r _aجگراتے دا تھل / |
||
| 942 |
_2ddc _cBK |
||